Vývoj dlouhodobé nezaměstnanosti v ČR

Vývoj nezamestnanosti v ČR: strmý rast miery nezamestnanosti v rokoch 1997-1998, spomalenie tohto rastu v roku 1999, pokles v roku 2000. Trend vývoja dlhodobej nezamestnanosti. Výsledky analýzy štatistických údajov.

Enregistré dans:
Détails bibliographiques
Auteur principal: Vyhlídal, Jiří
Format: Chapitre de livre
Langue:tchèque
Sujets:
Tags: Ajouter un tag
Pas de tags, Soyez le premier à ajouter un tag!

MARC

LEADER 00000naa a2200000 4500
001 r043889
005 20230913071917.0
041 0 |a cze 
044 |a CZ 
245 1 0 |a Vývoj dlouhodobé nezaměstnanosti v ČR  |c Jiří Vyhlídal 
520 |a Vývoj nezamestnanosti v ČR: strmý rast miery nezamestnanosti v rokoch 1997-1998, spomalenie tohto rastu v roku 1999, pokles v roku 2000. Trend vývoja dlhodobej nezamestnanosti. Výsledky analýzy štatistických údajov. 
610 2 0 |a nezamestnanosť dlhodobá 
610 2 0 |a Česko 
610 2 0 |a trh práce 
610 2 0 |a analýza štatistická 
610 2 0 |a ženy 
610 2 0 |a muži 
610 2 0 |a 1993-2001 
100 1 |a Vyhlídal, Jiří